|
|
|
|
| LEADER |
00000 a2200000 4500 |
| 005 |
20130228165628.0 |
| 007 |
cr|||| |||| |
| 008 |
130228e2011 sp |||||s|||| 00||0 spa d |
| 020 |
|
|
|a 978-84-7698-994-4
|
| 035 |
|
|
|a 7276
|
| 040 |
|
|
|a vLex
|
| 090 |
|
|
|c 3788
|d 3788
|
| 100 |
1 |
0 |
|a Ibę̀z Jimňez, Javier Wenceslao
|
| 245 |
1 |
0 |
|a Anl̀isis econm̤ico del Derecho
|b mťodo, investigacin̤ y prc̀tica jurd̕ica
|h [Recurso electrn̤ico]
|
| 256 |
|
|
|a Servicio en ln̕ea
|
| 260 |
|
|
|a Barcelona :
|b J.M. Bosch Editor,
|c 2011
|
| 300 |
|
|
|a 1 Recurso electrn̤ico
|
| 650 |
0 |
4 |
|a Anl̀isis econm̤ic del Derecho
|
| 650 |
0 |
4 |
|a Derecho tributario
|
| 650 |
0 |
4 |
|a Economa̕
|
| 740 |
|
|
|a vLex Libros (Servicio en ln̕ea)
|
| 856 |
|
|
|a Acceso restringido
|u http://www.vlex.com/source/7276
|
| 942 |
|
|
|c BOOK
|
| 999 |
|
0 |
|a Law and economics
|